|
|
|
|
| LEADER |
00000nab a2200000 a 4500 |
| 001 |
vtls001503861 |
| 003 |
SK-MaSNL |
| 005 |
20260303212634.0 |
| 008 |
140302s1998 xo 000 0 slo |
| 035 |
|
|
|a SPKCL6188
|
| 040 |
|
|
|a SPKCL
|b slo
|c SNKBUCL
|d ÚIP-SPK(TP)
|e AACR2
|
| 041 |
|
|
|a slo
|
| 044 |
|
|
|a xo
|c SK
|
| 080 |
|
|
|a 377.6
|2 1981
|
| 100 |
1 |
|
|a Brodňan, Ignác
|4 aut
|9 9400
|
| 245 |
1 |
0 |
|a Špecializačné pomaturitné štúdium MECHATRONIKA
|b Zaujíma Vás?
|c Ignác Brodňan
|
| 520 |
|
|
|a Špecializačné pomaturitné štúdium 2387 mechatronika. Stredné odborné školy. Uplatnenie absolventov.
|
| 650 |
0 |
7 |
|a špecializačné pomaturitné štúdium
|2 SNK
|9 1245625
|
| 650 |
0 |
7 |
|a študijné odbory
|2 SNKPH
|9 68762
|
| 650 |
0 |
7 |
|a mechatronika
|2 SNKPH
|9 15114
|
| 773 |
1 |
|
|t Učiteľské noviny
|g Roč. 48, č. 1 (1998) s. 9
|
| 850 |
|
|
|a Slovenská pedagogická knižnica Bratislava
|
| 852 |
|
|
|a SPKCL
|b KIS3GCP
|b 000710000
|n SK
|
| 999 |
|
|
|c 2208325
|d 2210255
|